• 首页
  • 本馆介绍
  • 公告通知
  • 最新文献
  • 馆藏检索
  • 电子资源
  • 读者导购
  • 参考咨询
  • 我的图书馆
  • 登录
  • 详细信息显示
  • 放入我的书架
  • 预约/预借图书
  • 作者相关作品
  • 分类相关作品
  • 丛书相关作品
  • 出版社相关作品

书目信息

  • 表格格式
  • 工作单格式
  • 卡片格式
题名:
初等电信数学
    
 
作者: ;长春邮电学校 编
分册:  
出版信息: 北京   人民邮电出版社  1976
页数: 205页
开本: 19cm
丛书名: 电信技术基础自学丛书
单 册:
中图分类: O29:TB112
科图分类:
主题词: 电信-数学理论 , 数学理论-电信 , 应用数学 , 数学--应用
电子资源:
ISBN:
000 00791nam2 2200277 45
001 0176001121
005 20060316092016.79
010    @dCNY0.55
100    @a19951013d1976 em y0chiy0121 ea
101 0  @achi
102    @aCN@b110000
105    @ay z 000yy
200 10 @a初等电信数学@Achu deng dian xin shu xue@f长春邮电学校编@Fchang chun you dian xue xiao bian
210    @a北京@c人民邮电出版社@d1976
215    @a205页@d19cm
225 2  @a电信技术基础自学丛书
410  0 @120010@a电信技术基础自学丛书
606    @a电信-数学理论
606    @a数学理论-电信
606 0  @a应用数学
606 0  @a数学@x应用
690    @aO29:TB112@v4
711 02 @a长春邮电学校@Achang chun you dian xue xiao@4编
801  2 @aCN@bNLC@c20060316
801  0 @aCN@bTSSF
905    @a10447@dO29:TB112@e1
    
    初等电信数学/长春邮电学校编.-北京:人民邮电出版社,1976
    205页;19cm.-(电信技术基础自学丛书)
    
    
    ISBN :CNY0.55
    
●
相关链接 在E读中查询图书 在五车中查询图书 在当当中查询图书 在豆瓣中查询图书


正题名:初等电信数学     索取号:O29:TB112/1         预约/预借

序号 登录号 条形码 馆藏地/架位号 状态 备注
1 0002562   202207520   密集书库/ [索取号:O29:TB112/1] 在馆    
2 0002563   202207539   密集书库/ [索取号:O29:TB112/1] 在馆    
唐山师范学院图书馆 欢迎您!
大连网信软件有限公司© 版权所有